Vùng đất Nam Bộ dưới triều Minh Mạng (1820 - 1841) : Chính sách của triều đình và phản ứng của địa phương = Southern Vietnam under the reign of Minh Mang (1820 - 1841) : Central policies and local response

Giới thiệu sự hình thành vùng đất Gia Định từ giai đoạn trước vương triều Nguyễn (1788 - 1801), đối trọng giữa triều đình nhà Nguyễn và chính quyền Gia Định, giữa nhà vua và Tổng trấn Gia Định Lê Văn Duyệt. Trình bày quá trình thực hiện ca...

Ful tanımlama

Kaydedildi:
Detaylı Bibliyografya
Yazar: Wook, Choi Byung
Materyal Türü: Kitap
Dil:Undetermined
Baskı/Yayın Bilgisi: Hà Nội Nxb. Hà Nội 2019
Konular:
Etiketler: Etiketle
Etiket eklenmemiş, İlk siz ekleyin!
Thư viện lưu trữ: Trung tâm Học liệu Trường Đại học Cần Thơ
LEADER 01476nam a2200229Ia 4500
001 CTU_239117
008 210402s9999 xx 000 0 und d
020 |c 179000 
082 |a 959.7029 
082 |b W912 
100 |a Wook, Choi Byung 
245 0 |a Vùng đất Nam Bộ dưới triều Minh Mạng (1820 - 1841) : 
245 0 |b Chính sách của triều đình và phản ứng của địa phương = Southern Vietnam under the reign of Minh Mang (1820 - 1841) : Central policies and local response 
245 0 |c Choi Byung Wook ; Lê Thùy Linh ... [et al.] (dịch) ; Nguyễn Thừa Hỷ, Lê Nguyễn (Hiệu đính) 
260 |a Hà Nội 
260 |b Nxb. Hà Nội 
260 |c 2019 
520 |a Giới thiệu sự hình thành vùng đất Gia Định từ giai đoạn trước vương triều Nguyễn (1788 - 1801), đối trọng giữa triều đình nhà Nguyễn và chính quyền Gia Định, giữa nhà vua và Tổng trấn Gia Định Lê Văn Duyệt. Trình bày quá trình thực hiện các chính sách mới dưới triều vua Minh Mạng trên các bình diện văn hoá, đối ngoại, kinh tế, hành chính và những tác động của chúng 
650 |a Việt Nam,Vietnam 
650 |x Lịch sử,History 
910 |b nthai 
980 |a Trung tâm Học liệu Trường Đại học Cần Thơ